000 00252nam a22001097a 4500
008 160505b xxu||||| |||| 00| 0 eng d
020 _a0697047431
041 _aeng
080 _a611
245 _aHuman anatomy:
_cKent M. Van De Graaff;
942 _2udc
_cBK
999 _c1811
_d1811